Amar lo creado

সংরক্ষণ করুন:
গ্রন্থ-পঞ্জীর বিবরন
বিন্যাস: গ্রন্থ
ভাষা:স্প্যানিশ
প্রকাশিত: Santiago Patris 1991
সংস্করন:1a. ed
মালা:Colección Carisma
বিষয়গুলি:
ট্যাগগুলো: ট্যাগ যুক্ত করুন
কোনো ট্যাগ নেই, প্রথমজন হিসাবে ট্যাগ করুন!

MARC

LEADER 00000cam a2200000 a 4500
001 UCD4943
003 CL-VaPUC
008 160731e19910000cl |||||||||||||||||spa|d
020 |a 9562460710 
082 0 4 |a 261.8362  |b AMA  |2 21 
245 1 0 |a Amar lo creado 
250 |a 1a. ed 
300 |a v 
942 |c BK 
945 |d 20160731 21:25:00  |a dcastane 
260 |a Santiago  |b Patris  |c 1991 
650 0 |a Ecología humana   |9 263207 
650 0 |a Cristianismo  |9 257361 
650 0 |a Teología social  |9 326726 
650 0 |a Problemas sociales  |9 258537 
583 |a last modification  |c 20160731 21:25:00  |k Rodrigo Vera 
490 0 |a Colección Carisma 
999 |c 365730  |d 365728 
952 |0 0  |1 0  |3 erb  |4 0  |6 261_836200000000000_AMA_1991  |7 0  |8 A  |9 479677  |a BIBTEO  |b BIBTEO  |h v.30  |i 5317487  |o 261.8362 AMA 1991  |p 5317487  |r 2025-01-17  |w 2019-11-24  |y BK  |z Catalogado en:20160731  |k ICR